Statistics for Country Names Game #5

Click here to take the quiz!

General Stats

  • This quiz has been taken 89 times
    (61 since last reset)
  • The average score is 7 of 10

Answer Stats

GameCountry% Correct
Algiers,flag with a crescentAlgeria
98%
Cairo,NileEgypt
98%
Casablanca,Rabat,FesMorocco
90%
Northernmost country of AfricaTunisia
80%
Ancient pyramids,KhartoumSudan
78%
N'Djamena,4-letter nameChad
76%
Has a "b" and a "y" in its nameLibya
55%
Its capital is NiameyNiger
55%
Green and red flag with a yellow star and a yellow crescentMauritania
45%
Other northernmost country of Africa:Mali
41%

Score Distribution

Percentile by Number Answered

Percent of People with Each Score

Your Score History

You have not taken this quiz since the last reset